Medzi benzínom a vodíkom
Tradičné palivá (benzín, nafta) a alternatívne pohonné látky. Zemný plyn v doprave. Zemný plyn ako motorové palivo CNG. Najvýznamnejší výrobcovia vozidiel na CNG. Zemný plyn v Južnej Amerike. Plynofikácia v Austrálii, v Ázii, v Afrike a v Európe. Krajiny s najväčším počtom vozidiel na CNG. Ostatné e...
Gespeichert in:
| 1. Verfasser: | |
|---|---|
| Format: | Buchkapitel |
| Sprache: | Slowakisch |
| Schlagworte: | |
| Tags: |
Keine Tags, Fügen Sie das erste Tag hinzu!
|
MARC
| LEADER | 00000naa$a2200000$$$4500 | ||
|---|---|---|---|
| 001 | 0004334 | ||
| 005 | 20230926070338.1 | ||
| 041 | 0 | |a slo | |
| 044 | |a SK | ||
| 245 | 1 | 0 | |a Medzi benzínom a vodíkom |c aut. Ivan Polakovič |
| 520 | |a Tradičné palivá (benzín, nafta) a alternatívne pohonné látky. Zemný plyn v doprave. Zemný plyn ako motorové palivo CNG. Najvýznamnejší výrobcovia vozidiel na CNG. Zemný plyn v Južnej Amerike. Plynofikácia v Austrálii, v Ázii, v Afrike a v Európe. Krajiny s najväčším počtom vozidiel na CNG. Ostatné európske krajiny s počtom vozidiel CNG za rok 2002. | ||
| 610 | 2 | 0 | |a plyn zemný |
| 610 | 2 | 0 | |a doprava |
| 610 | 2 | 0 | |a automobily |
| 610 | 2 | 0 | |a palivá tekuté |
| 610 | 2 | 0 | |a hmoty pohonné |
| 610 | 2 | 0 | |a vodík |
| 100 | 1 | |a Polakovič, Ivan | |